Statistiques concernant Breaking Bad - Personnages

Cliquez ici pour prendre le quiz!

Statistiques générales

  • Ce quiz a été pris 297 fois
  • Le résultat moyen est 14 sur 45

Statistiques - réponses

DescriptionPersonnages% Correct
Le personnage principalWalter White
98%
Sa femmeSkyler White
87%
Son beau-frèreHank Schrader
79%
Son filsWalter Jr White
71%
Sa belle-sœurMarie Schrader
65%
PatronGustavo Fring
63%
Le personnage secondaireJesse Pinkman
57%
L'avocat principalSaul Goodman
57%
Détective privéMike Ehrmantraut
50%
Baron de la drogue fouTuco Salamanca
44%
Oncle de la famille SalamancaHector Salamanca
43%
Sa première petite-amieJane Margolis
43%
Son ami maladroitBadger
36%
Sa filleHolly White
35%
Son amiSkinny Pete
35%
ChimisteGale Boetticher
33%
PatronDon Eladio
30%
Le fils de cette dernièreBrock Cantillo
28%
Son ami tuéCombo
28%
Son vrai nomJames McGill
25%
Sa femmeKim Wexler
25%
Principal antagoniste de Better Call SaulLalo Salamanca
24%
Agent DEASteven Gomez
24%
Amant de la femme du personnage principalTed Beneke
24%
Sa seconde petite-amieAndrea Cantillo
23%
Son frèreChuck McGill
23%
Son homme de main principalHuell Babineaux
20%
Premier dealeur contacté et tué par les personnages principauxKrazy-8
20%
Employé du groupe MadrigalLydia Rodarte-Quayle
20%
Baron de la drogue, décapitéTortuga
20%
L'homme de main de ce dernierNacho Varga
18%
Associé des deux personnages principauxTodd Alquist
18%
La femme de ce dernierGretchen Schwartz
17%
Homme de main tué par le patronVictor
17%
Autre avocatHoward Hamlin
16%
Ancien ami du personnage principal‎Elliott Schwartz
15%
Sous-patronJuan Bolsa
13%
Son neveu, un des jumeauxMarco Salamanca
12%
Homme de mainTyrus Kitt
12%
Son oncleJack Welker
11%
Son neveu, un des jumeauxLeonel Salamanca
11%
Sa secrétaireFrancesca Liddy
10%
Son autre et dernière identitéGene Takavic
7%
Son autre homme de mainKuby
5%
Enfant à moto tuéDrew Sharp
4%

Distribution des résultats

Percentile par nombre de réponses

% des personnes avec chaque résultat

Votre développement - résultats

Vous n’avez pas pris ce quiz